00317nam a22001097a 4500008004100000020001500041082001300056100002300069245006300092260004300155300000900198230620b xxu||||| |||| 00| 0 eng d a033343871X a320bMOI cDaniel T. arap Moi aKenya African NationalismbNyayo Philosophy and Principles aLondonbMacmillan Publishers Ltdc1986 a192p